Statistiques concernant Acteurs en B (par images).

Cliquez ici pour prendre le quiz!

Statistiques générales

  • Ce quiz a été pris 312 fois
    (242 depuis la dernière actualisation)
  • Le résultat moyen est 10 sur 20

Statistiques - réponses

Réponse% Correct
Dany Boon
95%
Jean-Paul Belmondo
80%
Brigitte Bardot
72%
Bourvil
71%
Michel Blanc
71%
Didier Bourdon
70%
Monica Bellucci
62%
Orlando Bloom
61%
Christian Bale
57%
Marlon Brando
51%
Cate Blanchett
49%
Helena Bonham Carter
48%
Chadwick Boseman
44%
Pierce Brosnan
42%
Bérénice Bejo
35%
Emmanuelle Béart
32%
Bernard Blier
28%
Kévin Bacon
22%
Humphrey Bogart
13%
Steve Buscemi
10%

Distribution des résultats

Percentile par nombre de réponses

% des personnes avec chaque résultat

Votre développement - résultats

Vous n’avez pas pris ce quiz depuis la dernière actualisation